000 00493nam a2200181Ia 4500
003 OSt
005 20240925122051.0
008 190216s9999||||xx |||||||||||||| ||und||
020 _a9788121908122
040 _coclc
082 _a542
_bPAN/P
100 _aPandey, O P
_94199
245 0 _aPractical Chemistry /
_cO P Pandey ; S Giri
260 _bS Chand & Co,
_c2004.
_aNew Delhi:
300 _a262p
650 _aChemistry
942 _cBK
_2ddc
_h542
_iPAN/P
_k542
_mPAN/P
999 _c3129
_d3129